000 00311nam a22001457a 4500
008 210305b ||||| |||| 00| 0 eng d
020 _a032191225
041 _aeng
080 _a51
082 _251
100 _a37
101 _aMAT
245 _aEssentials of College Algebra
_cPearson
942 _2udc
_cBK
999 _c55806
_d55806